000 00555nam a2200205Ia 4500
003 OSt
005 20250920161459.0
008 210423s1984 xx 000 0 und d
040 _cAL
041 _aEnglish
082 _a305.231
_bDESC
100 _aAlfred Desouza
_9108113
245 _aChildren in creches
_b: day care for the urban poor
260 _aNew Delhi
_bIntellectual Publishing House
_c1984
365 _cINR
650 _aSocial Groups
_9108114
650 _aSocial Sciences
_9108115
906 _aChildren ; creches
942 _2ddc
_cBK
999 _c172393
_d172393